Eastern Utah Libraries Catalog: Duchesne, Heber, Roosevelt, & Vernal

An unlikely match (Record no. 86599)

MARC details
000 -LEADER
fixed length control field 01715nim a2200469Ia 4500
001 - CONTROL NUMBER
control field ocn812183729
003 - CONTROL NUMBER IDENTIFIER
control field OCoLC
005 - DATE AND TIME OF LATEST TRANSACTION
control field 20241220132932.0
008 - FIXED-LENGTH DATA ELEMENTS--GENERAL INFORMATION
fixed length control field 121008s2012 utunnnn f n eng d
007 - PHYSICAL DESCRIPTION FIXED FIELD--GENERAL INFORMATION
fixed length control field sd fsngnnmmned
040 ## - CATALOGING SOURCE
Original cataloging agency UPZ
Language of cataloging eng
Transcribing agency UPZ
Modifying agency UINTA
020 ## - INTERNATIONAL STANDARD BOOK NUMBER
International Standard Book Number 9781608615674
020 ## - INTERNATIONAL STANDARD BOOK NUMBER
International Standard Book Number 1608615677
028 02 - PUBLISHER NUMBER
Publisher number CCID-2601054
Source Covenant Communications
035 ## - SYSTEM CONTROL NUMBER
System control number (OCoLC)812183729
043 ## - GEOGRAPHIC AREA CODE
Geographic area code e-uk-wl
050 #4 - LIBRARY OF CONGRESS CALL NUMBER
Classification number PS3605.D45365
Item number U55 2012ab
082 04 - DEWEY DECIMAL CLASSIFICATION NUMBER
Classification number 813/.6
Edition number 23
049 ## - LOCAL HOLDINGS (OCLC)
Holding library UCLB
092 ## - LOCALLY ASSIGNED DEWEY CALL NUMBER (OCLC)
Classification number EDEN
100 1# - MAIN ENTRY--PERSONAL NAME
Personal name Eden, Sarah M.
9 (RLIN) 5720108
245 13 - TITLE STATEMENT
Title An unlikely match
Medium [sound recording] :
Remainder of title a regency novel /
Statement of responsibility, etc written by Sarah M. Eden.
250 ## - EDITION STATEMENT
Edition statement Unabridged.
260 ## - PUBLICATION, DISTRIBUTION, ETC. (IMPRINT)
Place of publication, distribution, etc American Fork, UT :
Name of publisher, distributor, etc Covenant Communications,
Date of publication, distribution, etc p2012.
300 ## - PHYSICAL DESCRIPTION
Extent 5 sound discs (ca. 6 hr.) :
Other physical details digital ;
Dimensions 4 3/4 in.
306 ## - PLAYING TIME
Playing time 060000
500 ## - GENERAL NOTE
General note Compact disc.
511 0# - PARTICIPANT OR PERFORMER NOTE
Participant or performer note Read by Aubrey Warner.
520 ## - SUMMARY, ETC.
Summary, etc Inheriting an unexpected fortune, Englishman Nickolas Pritchard journeys toTŷ Mynydd, his ancestral home nestled in the untamed hills of Wales, where he falls in love with Gwen--a woman who died 400 hundred years ago.
650 #0 - SUBJECT ADDED ENTRY--TOPICAL TERM
Topical term or geographic name as entry element Inheritance and succession
Form subdivision Fiction.
9 (RLIN) 5673711
650 #0 - SUBJECT ADDED ENTRY--TOPICAL TERM
Topical term or geographic name as entry element Man-woman relationships
Form subdivision Fiction.
9 (RLIN) 5674079
651 #0 - SUBJECT ADDED ENTRY--GEOGRAPHIC NAME
Geographic name Wales
General subdivision Social life and customs
Chronological subdivision 19th century
Form subdivision Fiction.
9 (RLIN) 5715498
655 #7 - INDEX TERM--GENRE/FORM
Genre/form data or focus term Regency fiction.
Source of term gsafd
9 (RLIN) 102705
655 #7 - INDEX TERM--GENRE/FORM
Genre/form data or focus term Historical fiction.
Source of term gsafd
9 (RLIN) 6240469
655 #7 - INDEX TERM--GENRE/FORM
Genre/form data or focus term Ghost stories.
Source of term gsafd
9 (RLIN) 6240470
655 #7 - INDEX TERM--GENRE/FORM
Genre/form data or focus term Love stories.
Source of term gsafd
9 (RLIN) 6240471
655 #7 - INDEX TERM--GENRE/FORM
Genre/form data or focus term Audiobooks.
Source of term lcgft
9 (RLIN) 6240472
700 1# - ADDED ENTRY--PERSONAL NAME
Personal name Warner, Aubrey.
9 (RLIN) 5810549
942 ## - ADDED ENTRY ELEMENTS (KOHA)
Koha item type Audiobook on CD
994 ## -
-- C0
-- UINTA
998 ## - LOCAL CONTROL INFORMATION (RLIN)
-- a154363
Holdings
Withdrawn status Lost status Source of classification or shelving scheme Materials specified (bound volume or other part) Damaged status Not for loan Collection code Home library Current library Shelving location Date acquired Cost, normal purchase price Total Checkouts Total Renewals Full call number Barcode Date last seen Date checked out Cost, replacement price Price effective from Koha item type
    Dewey Decimal Classification .CIRCNOTE. 5 discs     Audiobooks Wasatch County Library Wasatch County Library Second Floor 11/05/2012 19.99 32 6 CD Eden 34301001096306 02/06/2025 01/30/2025 19.99 03/20/2020 Audiobook on CD
This project was made possible through a grant from the Institute of Museum and Library Service administered by the Utah State Library Division.

Wasatch County Library

  • 465 East 1200 South, Heber City, Utah 84032
  • Phone 435-654-1511 | Fax 435-654-6456

Hours

  • Monday - Friday 9:30 AM - 8:00 PM
  • Saturday 9:30 AM - 1:30 PM
  • Closed Sundays and Holidays